|
|
|
|
| LEADER |
01610nam a2200349 4500 |
| 001 |
DLU140160963 |
| 005 |
##20140319 |
| 040 |
# |
# |
|a DLU
|b vie
|
| 041 |
# |
# |
|a vie
|
| 044 |
# |
# |
|a vn
|
| 082 |
# |
# |
|a 119
|b Kha
|
| 245 |
# |
# |
|a Khám phá ý nghĩa kỳ diệu của những con số :
|b Tìm hiểu thế giới và khoa học /
|c Nguyễn Trọng Hoà, Nguyễn Chung, Nguyễn Minh Phương biên soạn.
|
| 260 |
# |
# |
|a H. :
|b Văn hoá - Thông tin,
|c 2012.
|
| 300 |
# |
# |
|a 438 tr. :
|b minh hoạ ;
|c 21 cm.
|
| 490 |
# |
# |
|a Tìm hiểu thế giới và khoa học.
|
| 505 |
# |
# |
|a Chương I. Vạn vật bắt đầu từ số 1 -- Chương II. Thái cực sinh lưỡng nghi -- Chương III. Tam tài: trời, đất, người -- Chương IV. Cơ chế vận hành tứ tượng -- Chương V. Ngũ hành làm sáng mặt trời, mặt trăng -- Chương VI. Rồng bay ngự trị "lục hợp" -- Chương VII. Bảy ngôi sao từ cao chiếu rọi -- Chương VIII. Bát quái định cát hung -- Chương IX. Cửu cung ứng cửu châu -- Chương X. Thập can-Lịch 10 tháng -- Chương XI. Cầm tinh 12 chi -- Chương XII. "36" và "72"
|
| 650 |
# |
# |
|a Chữ số.
|
| 650 |
# |
# |
|a Triết học Trung Quốc.
|
| 700 |
# |
# |
|a Nguyễn Chung,
|e biên soạn.
|
| 700 |
# |
# |
|a Nguyễn Minh Phương,
|e biên soạn.
|
| 700 |
# |
# |
|a Nguyễn Trọng Hoà,
|e biên soạn.
|
| 923 |
# |
# |
|a 06/2013
|
| 991 |
# |
# |
|a SH
|
| 992 |
# |
# |
|a 88000
|
| 994 |
# |
# |
|a DLU
|
| 900 |
# |
# |
|a True
|
| 911 |
# |
# |
|a Đào Thị Thu Huyền
|
| 925 |
# |
# |
|a G
|
| 926 |
# |
# |
|a A
|
| 927 |
# |
# |
|a SH
|
| 980 |
# |
# |
|a Thư viện Trường Đại học Đà Lạt
|